鐵證如山的信仰: (Record no. 37794)
[ view plain ]
| 000 -LEADER | |
|---|---|
| fixed length control field | 00928nam a2200253Ia 4500 |
| 008 - FIXED-LENGTH DATA ELEMENTS--GENERAL INFORMATION | |
| fixed length control field | 210114s9999||||xx |||||||||||||| ||und|| |
| 020 ## - INTERNATIONAL STANDARD BOOK NUMBER | |
| International Standard Book Number | 957556880X |
| 020 ## - INTERNATIONAL STANDARD BOOK NUMBER | |
| International Standard Book Number | 9789575568801 |
| 041 ## - LANGUAGE CODE | |
| Language code of text/sound track or separate title | chi |
| Language code of original | eng |
| 050 ## - LIBRARY OF CONGRESS CALL NUMBER | |
| Classification number | BP172 |
| Item number | .Q718512 2020 |
| 100 ## - MAIN ENTRY--PERSONAL NAME | |
| Personal name | Qureshi, Nabeel |
| 245 #0 - TITLE STATEMENT | |
| Title | 鐵證如山的信仰: |
| Remainder of title | 伊斯蘭或基督教? |
| Statement of responsibility, etc. | 納比.庫雷希 (Nabeel Qureshi) 著; 橄欖編輯部譯 |
| 246 ## - VARYING FORM OF TITLE | |
| Title proper/short title | 铁证如山的信仰: |
| Remainder of title | 伊斯兰或基督教? |
| 260 ## - PUBLICATION, DISTRIBUTION, ETC. | |
| Place of publication, distribution, etc. | 新北市 : |
| Name of publisher, distributor, etc. | 橄欖, |
| Date of publication, distribution, etc. | 2020 |
| 300 ## - PHYSICAL DESCRIPTION | |
| Extent | 414 p. |
| Other physical details | ; |
| Dimensions | 21 cm. |
| 490 ## - SERIES STATEMENT | |
| Series statement | 真理衛道叢書; |
| Volume/sequential designation | 12 |
| 500 ## - GENERAL NOTE | |
| General note | Translation of: No God but one : Allah or Jesus? : a former Muslim investigates the evidence for Islam and Christianity/ |
| 650 ## - SUBJECT ADDED ENTRY--TOPICAL TERM | |
| Topical term or geographic name entry element | Christianity and other religions Islam. |
| 650 ## - SUBJECT ADDED ENTRY--TOPICAL TERM | |
| Topical term or geographic name entry element | Islam Doctrines. |
| 650 ## - SUBJECT ADDED ENTRY--TOPICAL TERM | |
| Topical term or geographic name entry element | Islam Relations Christianity. |
| 700 ## - ADDED ENTRY--PERSONAL NAME | |
| Personal name | 納比.庫雷希 |
| 710 ## - ADDED ENTRY--CORPORATE NAME | |
| Corporate name or jurisdiction name as entry element | 橄欖編輯部 |
| Withdrawn status | Lost status | Damaged status | Not for loan | Home library | Current library | Shelving location | Date acquired | Cost, normal purchase price | Total Checkouts | Full call number | Barcode | Date last seen | Price effective from | Koha item type |
|---|---|---|---|---|---|---|---|---|---|---|---|---|---|---|
| GETS Theological Seminary Library | GETS Theological Seminary Library | General Stacks | 01/14/2021 | 25.48 | BP172 .Q718512 2020 | 00025683 | 01/14/2021 | 01/14/2021 | Chinese Book |